| 000 | 02668nam0a2200349 4500 | ||
|---|---|---|---|
| 001 | RU\NLR\BIBL_A\022094379 | ||
| 005 | 20240123130852.0 | ||
| 010 |
_a978-5-00212-296-7 _9500 |
||
| 021 |
_aRU _bКН-П-23-070552 _9КН-П-23-7157 |
||
| 035 | _a(NLR Aleph) 022094379 | ||
| 090 |
_a12726700 _c12726699 |
||
| 100 | _a20231212d2023 k y0rusy50 ca | ||
| 101 | 0 | _arus | |
| 102 | _aRU | ||
| 105 | _aa|||z|||100yy | ||
| 181 | 0 |
_ai _baxxe |
|
| 182 | 0 | _an | |
| 200 | 1 |
_aАктуальные проблемы физической культуры и спорта в современном обществе _eматериалы III-ей межвузовской студенческой научно-практической конференции, Махачкала, 23-24 мая 2023 г. _fФедеральное государственное бюджетное учреждение высшего образования "Дагестанский государственный педагогический университет", Факультет физической культуры и безопасности жизнедеятельности, Кафедра теории и методики физической культуры _gредакционная коллегия: М. А. Абдулаева, канд. пед. наук, С. А. Магомедова, канд. биол. наук, доц. |
|
| 203 |
_aТекст _bвизуальный _cнепосредственный |
||
| 210 |
_aМахачкала _cДГПУ _cАлеф _d2023 |
||
| 215 |
_a122 с. _cтабл. _d21 |
||
| 320 | _aБиблиогр. в конце ст. | ||
| 606 | 1 |
_aФизическая культура и спорт _jСъезды, совещания и т.п _2nlr_sh1 _2nlr_sh2 _3RU\NLR\AUTH\6612378 |
|
| 686 | 1 | _aЧ51я431 | |
| 702 | 1 |
_aАбдулаева _bМ. А. _gМадина Алиасхабовна _4340 |
|
| 711 | 1 | 2 |
_a"Актуальные проблемы физической культуры и спорта в современном обществе", межвузовская студенческая научно-практическая конференция _d3 _f2023 _eМахачкала _3RU\NLR\AUTH\880601565 |
| 712 | 0 | 2 |
_aДагестанский государственный педагогический университет _cМахачкала _bКафедра теории и методики физической культуры _3RU\NLR\AUTH\880558699 _4557 |
| 942 | _cBOOK | ||
| 980 | _aNB | ||